Género y manejo de recursos naturales /

Sparad:
Bibliografiska uppgifter
Huvudupphovsman: Aguilar Revelo, Lorena, editora
Institutionell upphovsman: Oficina Regional para Mesoamérica. Area Social
Övriga upphovsmän: Grandos Tamayo, Humberto, editor; Rodríguez Villalobos, Guiselle, editora; Alvarado, Eligio Ukubseni; Alecio, Rolando; Guevara; Roy; Campell, Epsy; Rodríguez, Maritza E.; Ortega, Irma
Materialtyp: Text
Publicerad: San José: UINC
Taggar: Lägg till en tagg
Inga taggar, Lägg till första taggen!

MARC

LEADER 00000 a a2200000 04500
001 25729
003
040
020 |a [sin ISBN]  
022 |a [sin ISBN]  
090 |a 173500  
100 |a Aguilar Revelo, Lorena, editora  
110 |a Oficina Regional para Mesoamérica. Area Social  
245 |a Género y manejo de recursos naturales /   |c Lorena Aguilar Revelo; Humberto Granados Tamayo; Guiselle Rodríguez Villalobos, eidtores  
260 |a San José:   |b UINC  
300 |a 89 páginas  
700 |a Grandos Tamayo, Humberto, editor; Rodríguez Villalobos, Guiselle, editora; Alvarado, Eligio Ukubseni; Alecio, Rolando; Guevara; Roy; Campell, Epsy; Rodríguez, Maritza E.; Ortega, Irma  
999 |c 8229  |d 8229